000 00254nam a22001097a 4500
041 _aENG
245 _aSafety Of Household And Similar Electrical Appliances
260 _aNew Delhi
_bBIS
_c1994
300 _a09
650 _aBIS Code
856 _uBIS Code
999 _c2080
_d2080